| 000 | 01182nam a22002177a 4500 | ||
|---|---|---|---|
| 003 | UA-OsUOA | ||
| 001 | 129185 | ||
| 007 | ta | ||
| 008 | 20180220b un ||||| |||| 00| 0 ukr d | ||
| 100 | _aЛевчук Л. | ||
| 090 | _bЛ38 | ||
| 942 | _cEB | ||
| 040 |
_aUA-OsUOA _bukr _cUA-OsUOA _dUA-OsUOA |
||
| 245 | _aІсторія світової культури | ||
| 955 | _a2 | ||
| 041 | _aukr | ||
| 856 | 4 | 0 | _uhttps://javalibre.com.ua/java-book/book/2917582 |
| 520 | 3 | _aНавчальний посібник відбиває логіку розвитку світової культури, її роль у прогресі людства, а також специфіку людини як продукту біологічної та культурної еволюції. Побудований відповідно до спрямованості лекційного курсу матеріал посібника дає змогу о | |
| 520 | 3 | _aпанувати рух культуротворення від доісторичних періодів до складних суперечливих процесів культури XX століття. | |
| 650 | 7 | _2UDC | |
| 999 |
_c416969 _d416969 |
||